LIBRARY & INFORMATION CENTRE, KCAET, TAVANUR

ONLINE PUBLIC ACCESS CATALOGUE (OPAC)

Text book of plant physiology (Record no. 113)

MARC details
000 -LEADER
fixed length control field 00444cam a2200193ua 4500
041 ## - LANGUAGE CODE
Language code of text/sound track or separate title eng
082 ## - DEWEY DECIMAL CLASSIFICATION NUMBER
Classification number 581
Item number MAL/TE
100 ## - MAIN ENTRY--AUTHOR NAME
Personal name Malik, C P .
245 ## - TITLE STATEMENT
Title Text book of plant physiology
250 ## - EDITION STATEMENT
Edition statement 1 /
260 ## - PUBLICATION, DISTRIBUTION, ETC. (IMPRINT)
Place of publication New Delhi :
Name of publisher Kalyani Publishers ,
Year of publication 1985.
300 ## - PHYSICAL DESCRIPTION
Number of Pages 785 ; .
700 1# - ADDED ENTRY--PERSONAL NAME
Personal name Srivasthava, .
942 ## - ADDED ENTRY ELEMENTS (KOHA)
Koha item type Books
Holdings
Withdrawn status Lost status Damaged status Home library Current library Date acquired Full call number Accession Number Koha item type
Withdrawn     KAUAET KAUAET 22/08/1986 581 15473 Books
free website counter